| 000 | 00397nam a2200145Ia 4500 | ||
|---|---|---|---|
| 008 | 230917s9999||||xx |||||||||||||| ||und|| | ||
| 040 |
_e65772 _aMAIN |
||
| 041 | _aEnglish | ||
| 082 | _a891.2109 R126S | ||
| 100 | _aRaghavan, V | ||
| 245 | 0 | _aStudies on some concepts of the alankara sastra | |
| 260 |
_aMadras _bAdyar Library and Research Centre _c1973 |
||
| 300 | _axxiv, 345 p. | ||
| 942 | _cBK | ||
| 999 |
_c193108 _d193108 |
||